The price discrimination law: a review of experience (Record no. 364812)

000 -LEADER
fixed length control field 00374cam a22001217a 4500
008 - FIXED-LENGTH DATA ELEMENTS--GENERAL INFORMATION
fixed length control field 180718b1959 xxu||||| |||| 00| 0 eng d
082 ## - DEWEY DECIMAL CLASSIFICATION NUMBER
Classification number T12301x73 Ed95
100 ## - MAIN ENTRY--PERSONAL NAME
Personal name Edwards, Corwin D.
245 ## - TITLE STATEMENT
Title The price discrimination law: a review of experience
Statement of responsibility, etc. by Corwin D. Edwards
260 ## - PUBLICATION, DISTRIBUTION, ETC.
Place of publication, distribution, etc. Washington
Name of publisher, distributor, etc. Brookings
Date of publication, distribution, etc. 1959
300 ## - PHYSICAL DESCRIPTION
Extent 698p.
650 ## - SUBJECT ADDED ENTRY--TOPICAL TERM
Topical term or geographic name entry element Prices - Regulation - USA
Holdings
Withdrawn status Lost status Damaged status Not for loan Permanent Location Current Location Date acquired Full call number Barcode Date last seen Price effective from Koha item type
        Indian Institute of Public Administration Indian Institute of Public Administration 1994-04-13 T12301x73 Ed95 21369 2018-07-21 2018-07-21 Book

Powered by Koha